000 00589nam a2200193 i 4500
001 bg
100 1 _aGlinicki, Stanisław Paweł
_d(1921-2008).
245 0 _aGeotechnika budowlana.
_nCz. 1 /
_cStanisław Paweł Glinicki.
260 _aBiałystok :
_bWydaw-a PB,
_c1990.
300 _a262, [1] s. :
_brys., wykr. ;
_c24 cm.
490 1 _aSkrypty / Politechnika Białostocka
504 _aBibliogr. s. 262-263.
830 0 _aSkrypty (Politechnika Białostocka)
040 _cBPK
041 _apol
080 _a624.13(075.8)
942 _cKS
008 s pl f |000 0 pol
999 _c4342
_d4342
856 _uhttp://koha.tu.koszalin.pl/cgi-bin/koha/opac-detail.pl?biblionumber=4342
_yKatalog online BPK